LEADER 01134nam0 2200337 450 001 000036881 005 20140620092720.0 100 $a20140620d1981----km-y0itaa50------ba 101 0 $aita 102 $aIT 200 1 $aUmberto Eco$fdi Teresa de Lauretis 210 $aFirenze$c<> Nuova Italia$d1981 215 $a111 p.$d17 cm 225 2 $a<> castoro$v179 312 $aTit. sulla cop. e sul dorso: Eco 410 0$12001$a<> castoro$v179 517 1 $aEco 600 1$aEco,$bUmberto 676 $a853.91$v(22. ed.)$9Narrativa italiana. 1900-1999 700 1$ade Lauretis,$bTeresa$0159798 801 0$aIT$bUniversità della Basilicata - B.I.A.$gREICAT$2unimarc 912 $a000036881 996 $aUmberto Eco$9102952 997 $aUNIBAS BAS $aLETTERE CAT $aSTD099$b01$c20140620$lBAS01$h0903 CAT $aSTD099$b01$c20140620$lBAS01$h0917 CAT $aSTD099$b01$c20140620$lBAS01$h0926 CAT $aSTD099$b01$c20140620$lBAS01$h0927 FMT Z30 -1$lBAS01$LBAS01$mBOOK$1BASA1$APolo Storico-Umanistico$2DSLF$BCollezione DiSLF$3DF/E160$6733$5F733$820140620$f04$FPrestabile Didattica LEADER 01577nas 2200373 n 450 001 990008927560403321 005 20240229084540.0 011 $a1351-010X 035 $a000892756 035 $aFED01000892756 035 $a(Aleph)000892756FED01 035 $a000892756 091 $2CNR$aPT01095875 100 $a20161109a19949999km-y0itaa50------ba 101 0 $aeng 102 $aGB 110 $aauu-------- 200 1 $aBuilding acoustics 207 1$a1994- 210 $aBrentwood$cMulti-Science 517 0 $aJournal of building acoustics 530 0 $aBuilding acoustics 531 $aBUILD. ACOUST. 676 $a693.8 801 0$aIT$bACNP$c20090723 859 4 $uhttp://acnp.cib.unibo.it/cgi-ser/start/it/cnr/dc-p1.tcl?catno=1095875&person=false&language=ITALIANO&libr=&libr_th=unina1$zBiblioteche che possiedono il periodico 901 $aSE 912 $a990008927560403321 958 $aBiblioteca. Dipartimento di Energetica, Termofluidodinamica Applicata e Condizionamenti Ambientali dell'Università Federico II$b2000-$eH$fDETEC 959 $aDETEC 996 $aBUILDING acoustics$9333866 997 $aUNINA AP1 8 $6866-01$aNA116 Biblioteca. Dipartimento di Energetica, Termofluidodinamica Applicata e Condizionamenti Ambientali dell'Università Federico II$bH$ep.le Tecchio,80, 80125 Napoli (NA)$m(081)7682128 7682324$m(081)2390364$nit AP2 40$aacnp.cib.unibo.it$nACNP Italian Union Catalogue of Serials$uhttp://acnp.cib.unibo.it/cgi-ser/start/it/cnr/df-p.tcl?catno=1095875&language=ITALIANO&libr=&person=&B=1&libr_th=unina&proposto=NO